Parlamentarismus in Rumänien (1930-1940) Demokratie im autoritären Umfeld

Bibliographic Details
Main Author: Maner, Hans-Christian (Author)
Format: Book
Language:German
PhysicalDescription:608 s. 24 cm
Published: München R. Oldenbourg 1997
ISBN:3486563297
Series:Südosteuropäische Arbeiten
Subjects:

MARC

LEADER 00000nam a2200000 a 4500
001 vtls001329424
003 SK-MaSNL
005 20260301160157.0
008 251113s1997 DE 0 ger
020 |a 3486563297  |c [2680,00] 
035 |a SNK000282269 
040 |a SNK  |b slo  |c SNK  |e AACR2 
044 |a DE 
080 |a 328(498)(091)"1930/1940"  |2 1981 
080 |a 321.72(498)(091)"1930/1940"  |2 1981 
100 1 |a Maner, Hans-Christian  |4 aut  |9 367234 
245 1 0 |a Parlamentarismus in Rumänien (1930-1940)  |b Demokratie im autoritären Umfeld  |c Hans-Christian Maner 
260 |a München  |b R. Oldenbourg  |c 1997 
300 |a 608 s.  |c 24 cm 
490 1 |a Südosteuropäische Arbeiten  |v 101 
650 0 7 |a parlamentarizmus  |z Rumunsko  |x dejiny  |y 1930-1940  |2 SNK  |9 521364 
830 0 |a Südosteuropäische Arbeiten  |9 283504 
919 |a 3-486-56329-7 
999 |c 804366  |d 806296 
952 |t P60, <04>, [BOOK], {604}  |a SNK  |b SNK  |y VYP  |7 0  |p 17A0134960  |o snkIC 127214  |i snkV 473/98  |0 0  |1 0  |4 0  |d 1998-05-04  |l 0  |r 2005-01-02 00:00:00  |w 2026-02-24